[Event "Xtracon Chess Open 2017"]
[Site "Helsingor DEN"]
[Date "2017.07.23"]
[Round "2.3"]
[White "Sasikiran, Krishnan"]
[Black "Brorsen, Jacob Abildlund"]
[Result "1-0"]
[WhiteTitle "GM"]
[WhiteElo "2688"]
[BlackElo "2153"]
[WhiteFideId "5004985"]
[BlackFideId "1411233"]
[EventDate "2017.07.22"]

1. e4 e5 2. Nf3 Nc6 3. Bb5 a6 4. Ba4 Nf6 5. O-O Be7 6. Re1 b5 7. Bb3 d6 8. c3
O-O 9. h3 Na5 10. Bc2 c5 11. d4 Nd7 12. a4 Rb8 13. axb5 axb5 14. b3 exd4 15.
cxd4 Nc6 16. Nc3 Bf6 17. Be3 Nb4 18. Bb1 Re8 19. Qd2 cxd4 20. Nxd4 Nc5 21. Nce2
Nca6 22. Nf4 Bb7 23. Nh5 Bxe4 24. Rxa6 Nxa6 25. Bxe4 Rxe4 26. Nc6 Qd7 27. Nxb8
Nxb8 28. Nxf6+ gxf6 29. Qd5 Qc6 30. Qf5 d5 31. Rc1 Qd7 32. Rc8+ Kg7 33. Bh6+
Kxh6 34. Qxf6+ Kh5 35. Rg8 1-0

[Event "Xtracon Chess Open 2017"]
[Site "Helsingor DEN"]
[Date "2017.07.23"]
[Round "2.4"]
[White "Kemarsky, Alexander"]
[Black "Short, Nigel D"]
[Result "0-1"]
[BlackTitle "GM"]
[WhiteElo "2150"]
[BlackElo "2688"]
[WhiteFideId "2814196"]
[BlackFideId "400025"]
[EventDate "2017.07.22"]

1. e4 c6 2. d4 d5 3. exd5 cxd5 4. c4 e6 5. Nf3 Nf6 6. Nc3 Bb4 7. a3 Bxc3+ 8.
bxc3 O-O 9. c5 b6 10. cxb6 axb6 11. Bd3 Qc7 12. Qc2 Ba6 13. O-O Rc8 14. Bd2 Nbd7
15. Rfb1 Bxd3 16. Qxd3 Ne4 17. Rb3 Qc4 18. Qxc4 Rxc4 19. Be1 f6 20. Kf1 Kf7 21.
Ke2 g5 22. Kd1 g4 23. Ng1 Rca4 24. f3 gxf3 25. Nxf3 h5 26. Kc2 e5 27. Bd2 Nd6
28. Rf1 Ke7 29. Bc1 Nc4 30. dxe5 fxe5 31. Nh4 Nxa3+ 32. Bxa3+ Rxa3 33. Rf5 Ra2+
34. Rb2 R2a4 35. Rxh5 Re4 36. Rh6 Ra5 37. Nf5+ Kd8 38. h4 Kc7 39. Rg6 Re2+ 40.
Kb1 Re1+ 41. Kc2 Re2+ 42. Kb1 Re1+ 43. Kc2 Raa1 44. Ng3 Rac1+ 45. Kd2 e4 46. Ne2
Rcd1+ 47. Ke3 Ne5 48. Rg7+ Kd6 49. Rxb6+ Kc5 50. Rbb7 Rf1 51. Rbc7+ Kd6 52. Ng3
Rde1+ 53. Kd2 e3+ 54. Kc2 Rc1+ 55. Kb3 Rb1+ 56. Ka2 Ra1+ 57. Kb3 Rf2 58. c4
dxc4+ 59. Kc3 Ra3+ 60. Kd4 Rf4+ 61. Ne4+ Rxe4+ 62. Kxe4 e2 0-1

[Event "Xtracon Chess Open 2017"]
[Site "Helsingor DEN"]
[Date "2017.07.23"]
[Round "2.5"]
[White "Motylev, Alexander"]
[Black "Nilsson, Patrik1"]
[Result "1-0"]
[WhiteTitle "GM"]
[WhiteElo "2680"]
[BlackElo "2152"]
[WhiteFideId "4121830"]
[BlackFideId "1708171"]
[EventDate "2017.07.22"]

1. e4 e6 2. d4 d5 3. Nc3 Nf6 4. e5 Nfd7 5. f4 c5 6. Nf3 Nc6 7. Be3 Qb6 8. Na4
Qc7 9. Nxc5 Nxd4 10. Nxd4 Nxc5 11. Be2 Bd7 12. O-O a6 13. c4 dxc4 14. Bxc4 Be7
15. Rc1 Qa5 16. f5 exf5 17. Nxf5 Bxf5 18. Bxf7+ Kxf7 19. Rxf5+ Ke8 20. Qd5 Rf8
21. Rxf8+ Bxf8 22. Rf1 Qc7 23. Rxf8+ Kxf8 24. Bxc5+ Ke8 25. Qe6+ Kd8 26. Bb6 1-0

[Event "Xtracon Chess Open 2017"]
[Site "Helsingor DEN"]
[Date "2017.07.23"]
[Round "2.6"]
[White "Ivarsson, Torbjorn"]
[Black "Hammer, Jon Ludvig"]
[Result "0-1"]
[BlackTitle "GM"]
[WhiteElo "2145"]
[BlackElo "2628"]
[WhiteFideId "1705865"]
[BlackFideId "1503707"]
[EventDate "2017.07.22"]

1. e4 c6 2. d4 d5 3. exd5 cxd5 4. Bd3 Nc6 5. c3 Nf6 6. Bf4 Bg4 7. f3 Bh5 8. Ne2
e6 9. Bg3 Bd6 10. Nd2 O-O 11. O-O Bg6 12. Bxg6 hxg6 13. Re1 b5 14. b4 a5 15. a3
a4 16. Nf1 Rc8 17. Qd3 Na7 18. Rac1 Qb6 19. Qe3 Rc7 20. Bxd6 Qxd6 21. Nf4 Rfc8
22. Qd2 g5 23. Nd3 g4 24. Nc5 gxf3 25. gxf3 g6 26. Qh6 Nh5 27. Re5 Qf8 28. Qe3
Nc6 29. Rg5 Ne7 30. Re1 Nf5 31. Qd2 Qh6 32. Rg4 Qxd2 33. Nxd2 Nh6 34. Rh4 Kg7
35. Nf1 Nf5 36. Rg4 Nf6 37. Rg2 Nh4 38. Rf2 Nh5 39. Re3 Nf4 40. Kh1 Nf5 41. Re1
Rh8 42. Rd2 Rh3 43. Rf2 Rc8 44. Ne3 Nh4 45. Ng4 g5 46. Ne5 f6 47. Ng4 Kf7 48.
Re3 Ke7 49. Rf1 Nf5 0-1

[Event "Xtracon Chess Open 2017"]
[Site "Helsingor DEN"]
[Date "2017.07.23"]
[Round "2.8"]
[White "Wahlund, Max"]
[Black "Saric, Ivan"]
[Result "0-1"]
[BlackTitle "GM"]
[WhiteElo "2142"]
[BlackElo "2621"]
[WhiteFideId "1741861"]
[BlackFideId "14508150"]
[EventDate "2017.07.22"]

1. d4 Nf6 2. c4 e6 3. g3 c5 4. Nf3 cxd4 5. Qxd4 Nc6 6. Qd3 Qc7 7. e4 d5 8. exd5
exd5 9. Nc3 dxc4 10. Qxc4 Be6 11. Qa4 Bb4 12. Bf4 Qe7 13. Be2 Bh3 14. Ne5 O-O
15. Nxc6 bxc6 16. Qxc6 Rac8 17. Qf3 Rfe8 18. Bd2 Bg4 19. Qe3 Qb7 0-1

[Event "Xtracon Chess Open 2017"]
[Site "Helsingor DEN"]
[Date "2017.07.23"]
[Round "2.9"]
[White "Bosiocic, Marin"]
[Black "Sorensen, Hampus"]
[Result "1-0"]
[WhiteTitle "GM"]
[WhiteElo "2616"]
[BlackElo "2137"]
[WhiteFideId "14507927"]
[BlackFideId "8703884"]
[EventDate "2017.07.22"]

1. e4 e5 2. Nf3 Nc6 3. Bb5 a6 4. Ba4 Nf6 5. O-O Be7 6. d3 b5 7. Bb3 d6 8. a4 b4
9. a5 O-O 10. c3 bxc3 11. bxc3 h6 12. Nbd2 Be6 13. Re1 Rb8 14. Bc4 Qc8 15. Qa4
Na7 16. d4 Bxc4 17. Qxc4 Nd7 18. Nf1 exd4 19. cxd4 c5 20. Qe2 cxd4 21. Nxd4 Bf6
22. Nf5 Nc6 23. Ra3 Nce5 24. Rg3 Ng6 25. Ba3 Nc5 26. Nxd6 Qc7 27. Rc1 Qxd6 28.
Bxc5 Qc7 29. Ba3 Qf4 30. Rf3 Qg5 31. Rf5 Nf4 32. Qf3 Rb3 33. Ne3 Rxa3 34. Rxg5
hxg5 35. Qg4 Rxa5 36. g3 Nd3 37. Rc8 Rxc8 38. Qxc8+ Kh7 39. Qc4 Ne5 40. Qe2 Ng6
41. Nc4 Ra1+ 42. Kg2 Ra4 43. e5 Be7 44. e6 fxe6 45. Qh5+ Kg8 46. Qxg6 Rxc4 47.
Qxe6+ 1-0

[Event "Xtracon Chess Open 2017"]
[Site "Helsingor DEN"]
[Date "2017.07.23"]
[Round "2.10"]
[White "Chittka, Julius"]
[Black "Agdestein, Simen"]
[Result "0-1"]
[BlackTitle "GM"]
[WhiteElo "2137"]
[BlackElo "2604"]
[WhiteFideId "12954772"]
[BlackFideId "1500015"]
[EventDate "2017.07.22"]

1. d4 e6 2. c4 Nf6 3. Nc3 Bb4 4. f3 c5 5. d5 Nh5 6. Nh3 f5 7. Bg5 Nf6 8. e4 fxe4
9. fxe4 Bxc3+ 10. bxc3 e5 11. Be2 O-O 12. O-O d6 13. Nf2 Qe8 14. Qd2 Nbd7 15.
Rae1 Qg6 16. Bf3 Nb6 17. Be2 Bd7 18. Qe3 Rf7 19. Kh1 Nh5 20. Nd1 h6 21. Rxf7
Qxf7 22. Rf1 Qg6 23. g4 Bxg4 24. Bxg4 hxg5 25. Be6+ Kh8 26. Bf7 Qh6 27. Qf3 Rf8
28. Ne3 g6 29. Qh3 Kg7 30. Ng4 Qh7 31. Be6 Rxf1+ 32. Qxf1 Ng3+ 0-1

[Event "Xtracon Chess Open 2017"]
[Site "Helsingor DEN"]
[Date "2017.07.23"]
[Round "2.11"]
[White "Vocaturo, Daniele"]
[Black "Storme, Isak"]
[Result "1-0"]
[WhiteTitle "GM"]
[WhiteElo "2592"]
[BlackElo "2129"]
[WhiteFideId "813192"]
[BlackFideId "1728113"]
[EventDate "2017.07.22"]

1. d4 Nf6 2. Nf3 e6 3. Bf4 c5 4. e3 Nc6 5. c3 Be7 6. h3 O-O 7. Nbd2 d5 8. Bd3 b6
9. Qe2 Bb7 10. O-O Bd6 11. Rfe1 Ne7 12. Rad1 Nf5 13. Ne5 Be7 14. dxc5 bxc5 15.
e4 Nd6 16. exd5 Nxd5 17. Bh2 f6 18. Nec4 e5 19. Nxd6 Qxd6 20. Nb3 Rfd8 21. Na5
Bc6 22. Nxc6 Qxc6 23. Be4 1-0

[Event "Xtracon Chess Open 2017"]
[Site "Helsingor DEN"]
[Date "2017.07.23"]
[Round "2.12"]
[White "Laverton, Christian"]
[Black "Andersen, Mads"]
[Result "0-1"]
[BlackTitle "GM"]
[WhiteElo "2133"]
[BlackElo "2586"]
[WhiteFideId "1506846"]
[BlackFideId "1413864"]
[EventDate "2017.07.22"]

1. d4 Nf6 2. c4 g6 3. Nf3 Bg7 4. Nc3 d5 5. Bg5 dxc4 6. e3 Be6 7. Ne5 c5 8. Bxc4
Bxc4 9. Nxc4 cxd4 10. exd4 O-O 11. O-O h6 12. Bh4 e6 13. Ne3 Nc6 14. d5 exd5 15.
Nexd5 g5 16. Nxf6+ Qxf6 17. Bg3 Rad8 18. Qb3 b6 19. Rad1 Rd4 20. Rxd4 Nxd4 21.
Qc4 Qf5 22. Qc7 Qa5 23. Bd6 Re8 24. Qd7 Re6 25. Bb8 a6 26. a3 Qc5 27. h3 Qc6 28.
Qc7 b5 29. Qg3 Qxc3 30. bxc3 Ne2+ 31. Kh2 Nxg3 32. Kxg3 Rc6 33. Kg4 Rxc3 34. Bd6
Rd3 35. Bb4 Bb2 36. Kh5 Kg7 37. f4 Bxa3 38. Bxa3 Rxa3 39. fxg5 hxg5 40. Kxg5
Rg3+ 41. Kh5 Rxg2 42. h4 Re2 0-1

[Event "Xtracon Chess Open 2017"]
[Site "Helsingor DEN"]
[Date "2017.07.23"]
[Round "2.14"]
[White "Lahlum, Hans Olav"]
[Black "Martinovic, Sasa"]
[Result "0-1"]
[BlackTitle "GM"]
[WhiteElo "2131"]
[BlackElo "2570"]
[WhiteFideId "1501348"]
[BlackFideId "14509792"]
[EventDate "2017.07.22"]

1. d4 c5 2. d5 d6 3. c4 e5 4. Nc3 Be7 5. e4 Bg5 6. Bd3 h6 7. Nge2 Ne7 8. O-O Ng6
9. Ng3 Bxc1 10. Rxc1 Nf4 11. Nce2 Qg5 12. f3 Nd7 13. Kh1 O-O 14. Qd2 Nxd3 15.
Qxd3 g6 16. Rcd1 a6 17. Nc3 h5 18. a4 Rb8 19. Nge2 Kg7 20. Qd2 Qe7 21. b3 Nf6
22. Qg5 Re8 23. Ng3 Kh7 24. Rd2 Bd7 25. f4 Ng4 26. Qxe7 Rxe7 27. fxe5 Nxe5 28.
Rf6 b5 29. cxb5 axb5 30. axb5 Bxb5 31. Rxd6 Bd3 32. Na4 Nc4 33. Rxd3 Nxd6 34.
Nxc5 Rc7 35. Rc3 Rb5 36. b4 Rxb4 37. h4 Nb7 38. Na4 Rxc3 39. Nxc3 Nc5 40. e5
Rxh4+ 41. Kg1 Rg4 42. Nge2 Rg5 0-1

[Event "Xtracon Chess Open 2017"]
[Site "Helsingor DEN"]
[Date "2017.07.23"]
[Round "2.15"]
[White "Grigoriants, Sergey"]
[Black "Andersen, Soren Mikkel"]
[Result "1/2-1/2"]
[WhiteTitle "GM"]
[WhiteElo "2566"]
[BlackElo "2123"]
[WhiteFideId "4130804"]
[BlackFideId "1411918"]
[EventDate "2017.07.22"]

1. Nf3 d5 2. g3 Nf6 3. Bg2 c6 4. O-O Bg4 5. h3 Bxf3 6. Bxf3 e5 7. d3 Bd6 8. e4
O-O 9. Bg5 dxe4 10. dxe4 h6 11. Bd2 Qe7 12. Qe2 Nbd7 13. a4 a5 14. Rd1 Nc5 15.
Na3 Ne6 16. c3 Rfd8 17. Nc4 Bc7 18. Ne3 g6 19. Nc4 1/2-1/2

[Event "Xtracon Chess Open 2017"]
[Site "Helsingor DEN"]
[Date "2017.07.23"]
[Round "2.16"]
[White "Celander, Jesper"]
[Black "Sunilduth Lyna, Narayanan"]
[Result "0-1"]
[BlackTitle "GM"]
[WhiteElo "2127"]
[BlackElo "2564"]
[WhiteFideId "1705342"]
[BlackFideId "5058422"]
[EventDate "2017.07.22"]

1. d4 Nf6 2. Bg5 Ne4 3. Bf4 d5 4. f3 Nf6 5. Nc3 c5 6. e4 cxd4 7. Qxd4 Nc6 8. Bb5
Bd7 9. Bxc6 Bxc6 10. e5 Nd7 11. e6 fxe6 12. Nh3 Qb6 13. Qxb6 axb6 14. Ng5 Nc5
15. b4 h6 16. Nh3 Na4 17. Ne2 Nb2 18. Nd4 Bd7 19. Bc7 Nc4 20. Nf4 Rc8 21. Ng6
Rxc7 22. Nxh8 g5 23. h4 Bg7 24. Rd1 Bxh8 25. hxg5 Ne3 26. Rd2 Bxd4 27. Rxd4
Nxc2+ 28. Kd2 Nxd4 29. gxh6 Rc2+ 30. Ke3 e5 31. h7 Re2+ 32. Kd3 Bb5+ 33. Kc3
Rc2# 0-1

[Event "Xtracon Chess Open 2017"]
[Site "Helsingor DEN"]
[Date "2017.07.23"]
[Round "2.17"]
[White "Shabalov, Alexander"]
[Black "Kvamme, John A"]
[Result "1-0"]
[WhiteTitle "GM"]
[WhiteElo "2549"]
[BlackElo "2116"]
[WhiteFideId "2008572"]
[BlackFideId "1500562"]
[EventDate "2017.07.22"]

1. d4 g6 2. c4 Bg7 3. e4 Nc6 4. Nf3 e5 5. dxe5 Nxe5 6. Nxe5 Bxe5 7. Bd3 d6 8.
Nc3 Bg7 9. O-O Nf6 10. h3 O-O 11. Bg5 h6 12. Be3 Bd7 13. Qd2 Kh7 14. f4 Bc6 15.
Rae1 a6 16. b4 b5 17. Bd4 Qd7 18. Qb2 Nh5 19. Nd5 Bxd5 20. cxd5 c6 21. f5 Bxd4+
22. Qxd4 cxd5 23. exd5 Qa7 24. fxg6+ fxg6 25. Qxa7+ 1-0

[Event "Xtracon Chess Open 2017"]
[Site "Helsingor DEN"]
[Date "2017.07.23"]
[Round "2.18"]
[White "Lien, Kjell Hakon"]
[Black "Urkedal, Frode"]
[Result "0-1"]
[BlackTitle "GM"]
[WhiteElo "2120"]
[BlackElo "2543"]
[WhiteFideId "1510444"]
[BlackFideId "1506102"]
[EventDate "2017.07.22"]

1. Nf3 Nf6 2. c4 e6 3. b3 d5 4. Bb2 Be7 5. e3 O-O 6. Nc3 b6 7. d4 Bb7 8. cxd5
exd5 9. Bd3 Nbd7 10. O-O a6 11. Rc1 Bd6 12. Ne2 Qe7 13. Qc2 Rac8 14. Ng3 g6 15.
a4 Rfe8 16. Qe2 Ra8 17. Rfd1 Ne4 18. Qc2 Rac8 19. Qe2 Nb8 20. Ne5 Nxg3 21. hxg3
Kg7 22. Qd2 f6 23. Nf3 a5 24. Qe2 Rf8 25. Nh4 Qe6 26. g4 Nc6 27. f4 Qe7 28. Kf2
Nb4 29. Bb1 Rce8 30. Qf3 Ba6 31. Rd2 Bc8 32. Rh1 Bxg4 33. Qg3 f5 34. Re1 Bxf4
35. Qxf4 Qxh4+ 0-1

[Event "Xtracon Chess Open 2017"]
[Site "Helsingor DEN"]
[Date "2017.07.23"]
[Round "2.19"]
[White "Hjartarson, Johann"]
[Black "Johansen, Oivind"]
[Result "1-0"]
[WhiteTitle "GM"]
[BlackTitle "FM"]
[WhiteElo "2541"]
[BlackElo "2108"]
[WhiteFideId "2300044"]
[BlackFideId "1501119"]
[EventDate "2017.07.22"]

1. e4 c5 2. Nf3 d6 3. d4 cxd4 4. Nxd4 Nf6 5. Nc3 a6 6. f4 e6 7. Qf3 Qc7 8. g4
Nc6 9. Nxc6 bxc6 10. g5 Nd7 11. b3 d5 12. Bb2 Bd6 13. Ne2 O-O 14. O-O-O Bb7 15.
Kb1 Rfe8 16. Bg2 a5 17. h4 a4 18. h5 axb3 19. cxb3 Qa5 20. Nc1 Ba3 21. Bxa3 Qxa3
22. h6 g6 23. Qc3 Qf8 24. Rhe1 Rac8 25. f5 e5 26. fxg6 fxg6 27. Nd3 Qe7 28. Bh3
dxe4 29. Bxd7 Qxd7 30. Nc5 Qe7 31. Rd7 1-0

[Event "Xtracon Chess Open 2017"]
[Site "Helsingor DEN"]
[Date "2017.07.23"]
[Round "2.20"]
[White "Aroven, Mikael"]
[Black "Schroeder, Jan-Christian"]
[Result "0-1"]
[BlackTitle "GM"]
[WhiteElo "2114"]
[BlackElo "2539"]
[WhiteFideId "1709534"]
[BlackFideId "24662259"]
[EventDate "2017.07.22"]

1. Nf3 Nf6 2. b3 g6 3. Bb2 Bg7 4. c4 O-O 5. d3 d6 6. e4 e5 7. Be2 Nh5 8. g3 Nc6
9. Nc3 f5 10. exf5 Bxf5 11. O-O Nf6 12. d4 e4 13. Nh4 Bh3 14. Ng2 Qd7 15. Qd2
Rae8 16. Nd1 Ng4 17. Nde3 Bh6 18. Qc3 Nxe3 19. fxe3 g5 20. b4 Bg7 21. Bh5 Rd8
22. b5 Ne7 23. Qc2 Bg4 24. Bxg4 Qxg4 25. h3 Qxh3 26. Rxf8+ Rxf8 27. Qxe4 Qf5 28.
Qxe7 Qf2+ 29. Kh2 Rf6 30. Qd8+ Bf8 31. Qxf6 Qxf6 32. Bc3 Qg6 33. Rc1 Qh5+ 34.
Kg1 Qe2 35. Ba5 b6 36. Be1 Qxa2 37. Rc3 Qe2 38. Rc1 h5 39. Ra1 Qxc4 40. Rxa7 d5 0-1

[Event "Xtracon Chess Open 2017"]
[Site "Helsingor DEN"]
[Date "2017.07.23"]
[Round "2.21"]
[White "Delorme, Axel"]
[Black "Wecker, Martin"]
[Result "1-0"]
[WhiteTitle "IM"]
[WhiteElo "2518"]
[BlackElo "2095"]
[WhiteFideId "632023"]
[BlackFideId "12931462"]
[EventDate "2017.07.22"]

1. d4 Nf6 2. Nf3 d5 3. c4 e6 4. g3 Bb4+ 5. Bd2 Bd6 6. Nc3 O-O 7. Bg5 h6 8. Bxf6
Qxf6 9. cxd5 Bb4 10. Qb3 Bxc3+ 11. bxc3 exd5 12. Qxd5 Nc6 13. Bg2 Re8 14. Nd2
Bf5 15. e4 Rad8 16. Qb5 Bc8 17. O-O a6 18. Qh5 Qe7 19. a4 Ne5 20. Qe2 Ng4 21. e5
c5 22. h3 Nf6 23. Qc4 Be6 24. exf6 1-0

[Event "Xtracon Chess Open 2017"]
[Site "Helsingor DEN"]
[Date "2017.07.23"]
[Round "2.22"]
[White "Kunz, Andre"]
[Black "Kollars, Dmitrij"]
[Result "1/2-1/2"]
[BlackTitle "IM"]
[WhiteElo "2103"]
[BlackElo "2510"]
[WhiteFideId "24623652"]
[BlackFideId "12909572"]
[EventDate "2017.07.22"]

1. e4 e5 2. Nf3 Nc6 3. Bc4 Nf6 4. d3 h6 5. O-O d6 6. c3 g6 7. d4 Qe7 8. Re1 Bg7
9. Nbd2 O-O 10. a4 Nh7 11. dxe5 Nxe5 12. Nxe5 dxe5 13. Nf3 Rd8 14. Qe2 Nf8 15.
Be3 Ne6 16. Rad1 Bd7 17. a5 b6 18. axb6 axb6 19. b4 Qf6 20. g3 Kh7 21. Kg2 Qe7
22. Bd5 Rab8 23. Qc2 c6 24. Bb3 b5 25. Rd2 Be8 26. Rxd8 Rxd8 27. Rd1 Rxd1 28.
Qxd1 Bd7 29. Qd3 Bc8 30. Bd2 Nc7 31. Be3 Ne6 32. Bd2 Nc7 33. Be3 Be6 34. Bc5 Qe8
35. Bxe6 Nxe6 36. Be3 Qe7 37. Nd2 h5 38. h4 Bh6 39. Bxh6 Kxh6 40. Nf3 f6 41.
Qe3+ Kg7 42. Qd2 Nd8 43. Qd3 Nf7 44. Nd2 Qe6 45. c4 1/2-1/2

[Event "Xtracon Chess Open 2017"]
[Site "Helsingor DEN"]
[Date "2017.07.23"]
[Round "2.23"]
[White "Hillarp Persson, Tiger"]
[Black "Eriksson, Kristian"]
[Result "1-0"]
[WhiteTitle "GM"]
[WhiteElo "2509"]
[BlackElo "2093"]
[WhiteFideId "1700812"]
[BlackFideId "1705172"]
[EventDate "2017.07.22"]

1. d4 Nf6 2. Nf3 e6 3. Bf4 b6 4. e3 Bb7 5. Nbd2 Be7 6. h3 O-O 7. Bd3 d6 8. c3 c5
9. Qe2 Nc6 10. O-O Rc8 11. Rad1 cxd4 12. exd4 Re8 13. Rfe1 h6 14. Ne4 Bf8 15. h4
Nxe4 16. Qxe4 f5 17. Qe2 Qf6 18. d5 exd5 19. Qxe8 Rxe8 20. Rxe8 Kf7 21. Rde1 Be7
22. Rh8 Qg6 23. Nd4 Nxd4 24. cxd4 Qg4 25. g3 Bf8 26. Be2 Qh3 27. Rc1 1-0

[Event "Xtracon Chess Open 2017"]
[Site "Helsingor DEN"]
[Date "2017.07.23"]
[Round "2.24"]
[White "Nielsen, Andre"]
[Black "Kvon, Andrey"]
[Result "0-1"]
[BlackTitle "IM"]
[WhiteElo "2094"]
[BlackElo "2500"]
[WhiteFideId "1518240"]
[BlackFideId "14201356"]
[EventDate "2017.07.22"]

1. e4 c5 2. Nf3 Nc6 3. d4 cxd4 4. Nxd4 Qb6 5. Nb3 Nf6 6. Nc3 e6 7. Be3 Qc7 8.
Bd3 a6 9. Na4 Be7 10. Nb6 Rb8 11. O-O O-O 12. c4 Ne5 13. f3 d6 14. Be2 Nfd7 15.
Nxc8 Rbxc8 16. Rc1 Qb8 17. Nd4 Bd8 18. Qd2 Bb6 19. b3 Rfd8 20. f4 Nf6 21. Kh1
Ned7 22. Bf3 Nc5 23. Qc2 Ba7 24. f5 Re8 25. fxe6 Nxe6 26. Nf5 Bxe3 27. Nxe3 Nc5
28. Nd5 Nxd5 29. exd5 a5 30. a3 g6 31. Qc3 Qc7 32. Rce1 Nd7 33. Bg4 f5 34. Be2
Qc5 35. Qb2 Qe3 36. b4 Ne5 37. c5 Nd3 38. Bxd3 Qxe1 39. cxd6 Rcd8 40. bxa5 Qxa5
41. Qxb7 Rxd6 42. Qb5 Ra8 43. Qxa5 Rxa5 44. Ra1 Kg7 45. Bc4 Rc5 46. Bb3 Rc3 47.
Bd1 Rxd5 48. a4 Rdc5 0-1

[Event "Xtracon Chess Open 2017"]
[Site "Helsingor DEN"]
[Date "2017.07.23"]
[Round "2.25"]
[White "Hector, Jonny"]
[Black "Holinka, Henning"]
[Result "1-0"]
[WhiteTitle "GM"]
[WhiteElo "2497"]
[BlackElo "2087"]
[WhiteFideId "1700090"]
[BlackFideId "12967084"]
[EventDate "2017.07.22"]

1. e4 g6 2. d4 Bg7 3. f4 d6 4. Nf3 Nd7 5. Bc4 c6 6. Bb3 Ngf6 7. Ng5 O-O 8. e5
Nd5 9. e6 N7f6 10. exf7+ Kh8 11. c4 Nc7 12. O-O Bf5 13. Nc3 Qd7 14. h3 h6 15.
Nf3 Rxf7 16. Nh4 h5 17. Bc2 Kh7 18. d5 e6 19. dxe6 Qxe6 20. Nxf5 gxf5 21. Re1
Qd7 22. Qd3 Ng8 23. Qf3 Bd4+ 24. Kh1 Nf6 25. Ne2 Re8 26. Bd2 Bb6 27. Ng3 1-0

[Event "Xtracon Chess Open 2017"]
[Site "Helsingor DEN"]
[Date "2017.07.23"]
[Round "2.26"]
[White "Madsen, Michael B."]
[Black "Christiansen, Johan-Sebastian"]
[Result "0-1"]
[BlackTitle "IM"]
[WhiteElo "2092"]
[BlackElo "2471"]
[WhiteFideId "1413031"]
[BlackFideId "1512668"]
[EventDate "2017.07.22"]

1. d4 Nf6 2. c4 c5 3. d5 b5 4. cxb5 a6 5. e3 g6 6. Nc3 Bg7 7. a4 Bb7 8. Nf3 e6
9. dxe6 fxe6 10. Be2 O-O 11. O-O d5 12. Ra3 Qe7 13. Qc2 e5 14. Nd2 e4 15. Na2 d4
16. Bc4+ Kh8 17. f3 axb5 18. Bxb5 Nbd7 19. Bxd7 Qxd7 20. fxe4 dxe3 21. Rxe3 Ng4
22. Rxf8+ Rxf8 23. Nf3 Nxe3 24. Bxe3 Qg4 25. h3 Bxe4 26. Qxc5 Qd7 27. Bd4 Rb8
28. Be5 Bxf3 29. gxf3 Re8 30. Bxg7+ Kxg7 31. Nc3 Qd3 32. Ne4 Qb1+ 33. Kf2 Qxb2+
34. Kf1 Qe5 0-1

[Event "Xtracon Chess Open 2017"]
[Site "Helsingor DEN"]
[Date "2017.07.23"]
[Round "2.27"]
[White "Tan, Justin2"]
[Black "Mejvik, Jacob"]
[Result "1-0"]
[WhiteTitle "IM"]
[WhiteElo "2462"]
[BlackElo "2085"]
[WhiteFideId "3206882"]
[BlackFideId "1710621"]
[EventDate "2017.07.22"]

1. e4 e5 2. Nf3 Nc6 3. Bb5 a6 4. Ba4 Nf6 5. O-O Be7 6. Re1 b5 7. Bb3 d6 8. c3
O-O 9. h3 Bb7 10. d4 Re8 11. Nbd2 Bf8 12. a3 g6 13. Ba2 Bg7 14. Qc2 Qd7 15. b4
Nh5 16. Bb2 a5 17. d5 Ne7 18. bxa5 Rxa5 19. c4 c6 20. dxc6 Bxc6 21. c5 Nc8 22.
Rac1 Ra6 23. cxd6 h6 24. Nb3 Qxd6 25. Red1 Qe7 26. Nc5 Rb6 27. Rd2 Nd6 28. Rcd1
Ba8 29. Qc3 Nf4 30. Qb4 Rc6 31. Nd3 Nxe4 32. Qxe4 Rc4 33. Qe3 Re4 34. Qc5 Nxh3+
35. gxh3 Qf6 36. Nde1 Rxe1+ 37. Nxe1 Qg5+ 38. Kf1 Qh4 39. Qe3 Kh7 40. Rd7 f5 41.
Rxg7+ Kxg7 42. Rd7+ 1-0

[Event "Xtracon Chess Open 2017"]
[Site "Helsingor DEN"]
[Date "2017.07.23"]
[Round "2.28"]
[White "Molvig, Henrik"]
[Black "Goh, Wei Ming Kevin"]
[Result "1/2-1/2"]
[WhiteTitle "CM"]
[BlackTitle "IM"]
[WhiteElo "2090"]
[BlackElo "2446"]
[WhiteFideId "1402625"]
[BlackFideId "5800706"]
[EventDate "2017.07.22"]

1. d4 Nf6 2. c4 e6 3. Nf3 c5 4. d5 b5 5. Bg5 exd5 6. cxd5 h6 7. Bxf6 Qxf6 8. Qc2
d6 9. e4 a6 10. a4 b4 11. Nbd2 Bg4 12. Bd3 Nd7 13. O-O Be7 14. Rfe1 O-O 15. b3
Rfe8 16. Rac1 Bf8 17. Bc4 g5 18. Qd3 Bh5 19. h3 Nb8 20. Re3 Bg7 21. Rce1 Bg6 22.
Qe2 Qb2 23. Rb1 Qa2 24. Qd1 Nd7 25. Re2 Nb6 26. Bd3 Nxd5 27. Nc4 Qxb1 28. Qxb1
Nc3 29. Qc2 d5 30. Nd6 Nxe2+ 31. Qxe2 dxe4 32. Bxe4 Re6 33. Qc4 Rd8 34. Bxg6
Rdxd6 35. Bf5 Rd1+ 36. Kh2 Red6 37. Qxc5 Bc3 38. g4 Kg7 39. Be4 Rf6 40. Kg2 Rf4
41. Bf5 Ra1 42. h4 1/2-1/2

[Event "Xtracon Chess Open 2017"]
[Site "Helsingor DEN"]
[Date "2017.07.23"]
[Round "2.29"]
[White "Sonis, Francesco"]
[Black "Verhasselt, Karsten"]
[Result "1-0"]
[WhiteTitle "IM"]
[WhiteElo "2440"]
[BlackElo "2079"]
[WhiteFideId "895733"]
[BlackFideId "228893"]
[EventDate "2017.07.22"]

1. d4 Nf6 2. Nf3 g6 3. g3 Bg7 4. Bg2 O-O 5. O-O d5 6. c4 c6 7. cxd5 cxd5 8. Nc3
Nc6 9. Ne5 e6 10. Bf4 Bd7 11. Qd2 Rc8 12. Bg5 a6 13. Ng4 h5 14. Nxf6+ Bxf6 15.
Bxf6 Qxf6 16. Rfd1 Ne7 17. e4 Bc6 18. e5 Qf5 19. h4 f6 20. Re1 Bd7 21. Rad1 Kg7
22. Re3 fxe5 23. Rxe5 Qf6 24. Bh3 Nc6 25. Re3 Rcd8 26. f4 Ne7 27. Qe2 Nf5 28.
Bxf5 Qxf5 29. Re5 Qh3 30. Qe3 Rf5 31. Rd3 Rdf8 32. Nd1 Rxe5 33. Qxe5+ Kh7 34.
Rc3 Bc6 35. Nf2 Qf5 36. Nd3 Qg4 37. Qe1 Bb5 38. Ne5 Qh3 39. Rc7+ Kh6 40. Nf3 Bf1
41. Rh7+ Kxh7 42. Ng5+ Kg8 43. Nxh3 Bxh3 44. Qb4 Rf7 45. Qd6 Bf5 46. Kf2 Rf8 47.
Ke3 Rf7 48. Kd2 Rf8 49. Qc7 Rf7 50. Qb8+ Kg7 51. Kc3 Bg4 52. Kb4 Bf5 53. Kc5 Rd7
54. Kb6 Rf7 55. a4 Bg4 56. b4 Re7 57. b5 axb5 58. axb5 Kf7 59. Qh8 Be2 60. Kc5
Re8 61. Qh7+ Kf6 62. Qxb7 Bd3 63. b6 Re7 64. Qxe7+ 1-0